000 00656nam a2200253Ia 4500
003 OSt
005 20221005065558.0
006 a|||||r|||| 00| 0
007 ta
008 221004b |||||||| |||| 00| 0 eng d
020 _a0 7016 0805 6
024 _a21124
037 _cTextual
040 _aCRL
_cCRL
_beng
041 _2eng
_aeng
082 _aO111,1NJOx, L5
100 _aJohnson Louis
_9604769
245 0 _aFires and patterns
260 _aMilton
_bJacaranda Press
_c1975
300 _a76 p.
_ccm.
650 _aENGLISH LITERATURE
942 _hO111,1NJOx, L5
_cTEXL
_2cc
999 _c974768
_d974768